| 000 | 00656nam a22001697a 4500 | ||
|---|---|---|---|
| 999 |
_c62560 _d62560 |
||
| 005 | 20241206151507.0 | ||
| 008 | 241206s2022 ru ||||| |||| 00| 0 rus d | ||
| 020 | _a9785001953692x | ||
| 041 | _arus | ||
| 080 | _a159.922.1 B-16 | ||
| 100 |
_aВальдшмидт, Дэн _923894 |
||
| 245 |
_aБУДЬ лучшей версией себя : _bКак обычные люди становятся выдающимися / _cДэн Вальдшмидт. |
||
| 264 |
_aМосква : _bМанн,Иванов и Фербер, _c 2022. |
||
| 300 |
_a205 стр.: _bилл. ; _c24 см. |
||
| 653 | _aფსიქოლოგია | ||
| 942 |
_2udc _cᲬᲘᲒᲜᲘ |
||